000 00529nam a2200181 u 4500
005 20240913064632.0
008 100615s2008 es r 000 0 spa d
020 _a9788467529340
035 _aUPN01000176562
049 _aCG
050 4 _aPG3325
_bC7.4
100 1 _aDostoyevski, Fëdor Mihajlovic,
_d1821-1881
245 1 0 _aCrimen y castigo /
_cFedor M. Dostoyevski ; adaptado por Federico Villalobos.
260 _aMadrid :
_bSM,
_c2008.
300 _a165 p. :
_bil. col.
650 4 _aNovela rusa
_912701
905 _aLibro
999 _c148665
_d148665